000 00344nam a2200109Ia 4500
999 _c14117
_d14117
008 260210s9999 xx 000 0 und d
020 _a9781350294219
100 _a Penny Sparke
245 0 _aInteriors in the Era of Covid-19: Interior Design between the Public and Private Realms
260 _b Bloomsbury Visual Arts
_c2023
942 _cBDES
_2ddc